| 000 | 00551nam a22001937a 4500 | ||
|---|---|---|---|
| 003 | CEME | ||
| 005 | 20210628205517.0 | ||
| 008 | 210305b xxu||||| |||| 00| 0 eng d | ||
| 020 | _a0-7106-1807-7 | ||
| 040 | _c. | ||
| 082 | _a355-REWS JAN'S | ||
| 100 |
_aStreetly, Martin _959546 |
||
| 245 | _aJanes radar and electronic warfare systems | ||
| 250 | _a10TH | ||
| 260 |
_aUNITED KINGDOM _bJANES IMFORMATION GROUP _c1998 |
||
| 300 | _a624P | ||
| 650 |
_aRADAR AND ELECTRONIC WAREFARE SYSTEMS ELECTRONIC WAREFARE SYSTEMS _959547 |
||
| 942 |
_cBK _2ddc |
||
| 999 |
_c581256 _d581256 |
||